000
00291nam a2200121 4500
999
_c
529114
_d
529114
040
_c
DLC
082
_a
620.11024
_b
SIN
100
_a
Singh, Surendra
_9
20972
245
_a
Engineering Materials /
260
_a
Islamabad
_b
National Book Foundation
_c
1979
300
_a
249p.
942
_2
ddc
_c
BK